| 000 -LEADER |
| fixed length control field |
00375cam a22001097a 4500 |
| 008 - FIXED-LENGTH DATA ELEMENTS--GENERAL INFORMATION |
| fixed length control field |
180718b1984 xxu||||| |||| 00| 0 eng d |
| 082 ## - DEWEY DECIMAL CLASSIFICATION NUMBER |
| Classification number |
T19065x5433 E/1977 |
| 245 ## - TITLE STATEMENT |
| Title |
Report on economic census, Punjab, 1977 |
| Statement of responsibility, etc. |
by Economic Adviser to Government, Punjab |
| 260 ## - PUBLICATION, DISTRIBUTION, ETC. |
| Place of publication, distribution, etc. |
Chandigarh |
| Name of publisher, distributor, etc. |
Government of Punjab |
| Date of publication, distribution, etc. |
1984 |
| 300 ## - PHYSICAL DESCRIPTION |
| Extent |
144+p |
| 700 ## - ADDED ENTRY--PERSONAL NAME |
| Personal name |
Punjab. Economic Adviser to Government |